002330000a2200073000450024500840000004100140008410000220009877300390012010aPassifloraceaesPassiflora, subgeneros: Tacsonia, Rathea, Manicata y Distephana0 aEspañol1 aEscabar, Linda K.1 tFlora de Colombiah10q1-139d1988